Κατάλογος Βιβλιοθηκών Mediterranean College

The Psychosocial Implications of Learning Difficulties on Adults/Their Life's Experiences in Greek Context: Dissertation Submitted to the University of Derby in Partial Fulfilment of the Requirements for the Degree of Master of Arts of Education (Record no. 8504)

MARC details
000 -LEADER
fixed length control field 01628cam a22001934a 4500
005 - ΗΜΕΡΟΜΗΝΙΑ ΚΑΙ ΩΡΑ ΤΕΛΕΥΤΑΙΑΣ ΕΝΗΜΕΡΩΣΗΣ
Πεδίο ελέγχου 20250605164337.0
008 - FIXED-LENGTH DATA ELEMENTS--GENERAL INFORMATION
Πεδίο ελέγχου σταθερού μήκους 250528s ||||||||||||||||||||||||d
035 ## - SYSTEM CONTROL NUMBER
System control number 23494
040 ## - ΠΗΓΗ ΚΑΤΑΛΟΓΟΓΡΑΦΗΣΗΣ
Φορέας πρωτότυπης καταλογογράφησης MC Athens Campus Library
Γλώσσα καταλογογράφησης Ελληνικά, Μοντέρνα (1453-)
Modifying agency MC Athens Campus Library
Κανόνες περιγραφικής καταλογογράφησης AACR2
245 1# - ΤΙΤΛΟΣ ΚΑΙ ΔΗΛΩΣΗ ΥΠΕΥΘΥΝΟΤΗΤΑΣ
Τίτλος The Psychosocial Implications of Learning Difficulties on Adults/Their Life's Experiences in Greek Context: Dissertation Submitted to the University of Derby in Partial Fulfilment of the Requirements for the Degree of Master of Arts of Education
260 ## - PUBLICATION, DISTRIBUTION, ETC.
Date of publication, distribution, etc. 2019
300 ## - PHYSICAL DESCRIPTION
Extent 57
520 ## - SUMMARY, ETC.
Summary, etc. Acknowledgements, Abstract, Introduction to the Study, Rationale, Aim and Purpose, Research Questions, Literature Review, Definition and Determination of Specific Learning Difficulties, Causality and Symptomatology, Neuroscience and Specific Learning Difficulties, Characteristics and Syptomatology of Specific Learning Difficulties, Diagnosis Procedure of Specific Learning Difficulties, Greek Educational Context about Specific Learing Difficulties, Psychological Implications on Adults with Specific Learning Difficulties, Social Challenges on Adults with Specific Learning Difficulties, Methodology, Aim of the Study, Research Questions, Qualitative Methodology, Research Tools, Life Story Model, Sampling Strategy, Sample, Pilot Study, The Interview, Timeline, Thematic Context Analysis, Ethics, Reliability and Validity of Research, Findings, Discussion, Conclusion, Sample Interview Protocol and Interview Questions, Interview, References, Appendices.
700 1# - ΠΡΟΣΘΕΤΗ ΑΝΑΓΡΑΦΗ--ΦΥΣΙΚΟ ΠΡΟΣΩΠΟ
Personal name Karampela Ioanna
9 (RLIN) 9064
700 1# - ΠΡΟΣΘΕΤΗ ΑΝΑΓΡΑΦΗ--ΦΥΣΙΚΟ ΠΡΟΣΩΠΟ
Personal name Mousoura Tatiana
9 (RLIN) 9065
942 ## - ADDED ENTRY ELEMENTS (KOHA)
Koha item type Διπλωματική εργασία
Holdings
Τύπος τεκμηρίου Βιβλιοθήκη Τρέχουσα τοποθεσία Barcode Ημερομηνία απόκτησης Ταξιθετικό σύμβολο Αριθμός αντιτύπου Κατάσταση απόσυρσης Κατάσταση χαμένου Κατάσταση κατεστραμμένου Μη δανεισμός Σύνολο δανεισμών Ημερομηνία τελευταίας εμφάνισης Η τιμή ισχύει από
Διπλωματική εργασία MC Athens Campus Library MC Athens Campus Library 9780000085030 05/06/2025 EDU 2019 (12) 1           05/06/2025 05/06/2025

MC Athens Campus Library
Πατησίων 94 & Κοδριγκτώνος 13, 104 34
Πελλήνης 8 & Πατησίων 107, 112 51
Τ: +30 210 8899600

MC Thessaloniki Campus Library
Ίωνος Δραγούμη 21, 54625 | Ίωνος Δραγούμη 15, 54625
Τ: +30 2310 287779 – Τ: +30 2314 440300